World health forum an international journal of health development

Gespeichert in:
Bibliographische Detailangaben
Format: Schriftenreihe
Sprache:Englisch
Veröffentlicht: Geneve World Health Organization 1997
Schlagworte:
Tags: Tag hinzufügen
Keine Tags, Fügen Sie das erste Tag hinzu!

MARC

LEADER 00000nas2a2200000 4500
001 s121871
005 20231103122519.2
022 |a 0251-2432 
041 0 |a eng 
044 |a CH 
245 1 0 |a World health forum  |b an international journal of health development 
264 1 |a Geneve  |b World Health Organization  |c 1997 
300 |a 1 zv. 
773 0 |w eu_un_cat*s120293 
610 2 0 |a zdravotníctvo 
610 2 0 |a WHO